<?xml version="1.0" encoding="UTF-8"?>
<record
    xmlns:xsi="http://www.w3.org/2001/XMLSchema-instance"
    xsi:schemaLocation="http://www.loc.gov/MARC21/slim http://www.loc.gov/standards/marcxml/schema/MARC21slim.xsd"
    xmlns="http://www.loc.gov/MARC21/slim">

  <leader>01203nam a22003017a 4500</leader>
  <controlfield tag="005">20180319172601.0</controlfield>
  <datafield tag="010" ind1=" " ind2=" ">
    <subfield code="a">1718EN-30    ENG-120775    B-685699       </subfield>
  </datafield>
  <datafield tag="020" ind1=" " ind2=" ">
    <subfield code="a">9789352606146</subfield>
    <subfield code="c">715.00</subfield>
  </datafield>
  <datafield tag="020" ind1=" " ind2=" ">
    <subfield code="a">9352606140</subfield>
    <subfield code="c">715.00</subfield>
  </datafield>
  <datafield tag="035" ind1=" " ind2=" ">
    <subfield code="a">EN-104307</subfield>
  </datafield>
  <datafield tag="035" ind1=" " ind2=" ">
    <subfield code="a">B-689608</subfield>
  </datafield>
  <datafield tag="035" ind1=" " ind2=" ">
    <subfield code="a">B-685699</subfield>
  </datafield>
  <datafield tag="035" ind1=" " ind2=" ">
    <subfield code="a">B-683559-581</subfield>
  </datafield>
  <datafield tag="037" ind1=" " ind2=" ">
    <subfield code="b">BSB</subfield>
    <subfield code="a">dpl</subfield>
  </datafield>
  <datafield tag="037" ind1=" " ind2=" ">
    <subfield code="b">DBAD/PUB</subfield>
  </datafield>
  <datafield tag="037" ind1=" " ind2=" ">
    <subfield code="b">Pansy Books/RP/CL</subfield>
  </datafield>
  <datafield tag="082" ind1=" " ind2=" ">
    <subfield code="a">330.954</subfield>
  </datafield>
  <datafield tag="100" ind1=" " ind2=" ">
    <subfield code="a">Ramesh Singh </subfield>
  </datafield>
  <datafield tag="245" ind1=" " ind2=" ">
    <subfield code="a">Indian economy : </subfield>
    <subfield code="c">by Ramesh Singh </subfield>
    <subfield code="b">for civil services examination / </subfield>
  </datafield>
  <datafield tag="250" ind1=" " ind2=" ">
    <subfield code="a">9th ed</subfield>
  </datafield>
  <datafield tag="260" ind1=" " ind2=" ">
    <subfield code="a">Chenni</subfield>
    <subfield code="b">McGraw Hill Education</subfield>
    <subfield code="c">2017</subfield>
  </datafield>
  <datafield tag="270" ind1=" " ind2=" ">
    <subfield code="a">444/1, Sri Ekambara Naicker Industrial Estate, Alapakkam, Porur, </subfield>
    <subfield code="b">Chennai</subfield>
    <subfield code="e">600116</subfield>
  </datafield>
  <datafield tag="300" ind1=" " ind2=" ">
    <subfield code="a">various pagings</subfield>
    <subfield code="c">25cm(pbk)</subfield>
  </datafield>
  <datafield tag="942" ind1=" " ind2=" ">
    <subfield code="2">ddc</subfield>
    <subfield code="c">EN</subfield>
    <subfield code="m">RAM</subfield>
    <subfield code="h">330.954</subfield>
  </datafield>
  <datafield tag="999" ind1=" " ind2=" ">
    <subfield code="c">144758</subfield>
    <subfield code="d">144758</subfield>
  </datafield>
  <datafield tag="952" ind1=" " ind2=" ">
    <subfield code="0">0</subfield>
    <subfield code="1">0</subfield>
    <subfield code="4">0</subfield>
    <subfield code="7">0</subfield>
    <subfield code="8">NFIC</subfield>
    <subfield code="a">BL4</subfield>
    <subfield code="b">BL4</subfield>
    <subfield code="d">2017-10-10</subfield>
    <subfield code="e">DBAD/PUB</subfield>
    <subfield code="g">715.00</subfield>
    <subfield code="l">8</subfield>
    <subfield code="m">7</subfield>
    <subfield code="o">330.954 RAM</subfield>
    <subfield code="p">EN-104307</subfield>
    <subfield code="r">2025-11-29 00:00:00</subfield>
    <subfield code="s">2025-11-01</subfield>
    <subfield code="t">1</subfield>
    <subfield code="v">715.00</subfield>
    <subfield code="y">EN</subfield>
  </datafield>
  <datafield tag="952" ind1=" " ind2=" ">
    <subfield code="0">0</subfield>
    <subfield code="1">0</subfield>
    <subfield code="4">0</subfield>
    <subfield code="7">0</subfield>
    <subfield code="8">NFIC</subfield>
    <subfield code="a">L</subfield>
    <subfield code="b">L</subfield>
    <subfield code="d">2018-01-02</subfield>
    <subfield code="e">Pansy Books/1708/22.12.17/RP6/21.12.17/30.12.17</subfield>
    <subfield code="g">715.00</subfield>
    <subfield code="l">30</subfield>
    <subfield code="m">31</subfield>
    <subfield code="o">330.954 RAM</subfield>
    <subfield code="p">B-685699</subfield>
    <subfield code="r">2025-03-03 00:00:00</subfield>
    <subfield code="s">2025-01-21</subfield>
    <subfield code="t">1</subfield>
    <subfield code="v">715.00</subfield>
    <subfield code="y">EN</subfield>
  </datafield>
  <datafield tag="952" ind1=" " ind2=" ">
    <subfield code="0">0</subfield>
    <subfield code="1">0</subfield>
    <subfield code="4">0</subfield>
    <subfield code="7">0</subfield>
    <subfield code="8">NFIC</subfield>
    <subfield code="a">ZLS</subfield>
    <subfield code="b">ZLS</subfield>
    <subfield code="d">2018-02-22</subfield>
    <subfield code="e">RP/1718/15.2.2018/ 20.2.2018/Sarojini Nagar,/</subfield>
    <subfield code="g">715.00</subfield>
    <subfield code="l">0</subfield>
    <subfield code="o">330.954 RAM</subfield>
    <subfield code="p">B-689608</subfield>
    <subfield code="r">2018-02-22 00:00:00</subfield>
    <subfield code="t">1</subfield>
    <subfield code="v">715.00</subfield>
    <subfield code="w">2018-02-22</subfield>
    <subfield code="y">EN</subfield>
  </datafield>
  <datafield tag="952" ind1=" " ind2=" ">
    <subfield code="0">0</subfield>
    <subfield code="1">0</subfield>
    <subfield code="4">0</subfield>
    <subfield code="7">0</subfield>
    <subfield code="8">NFIC</subfield>
    <subfield code="a">L</subfield>
    <subfield code="b">L</subfield>
    <subfield code="d">2018-03-19</subfield>
    <subfield code="e">BSB/292/30.11.2017/EN/2017-18/641/20.11.2017/14.12.2017</subfield>
    <subfield code="g">715.00</subfield>
    <subfield code="l">41</subfield>
    <subfield code="m">32</subfield>
    <subfield code="o">330.954 RAM</subfield>
    <subfield code="p">B-683559</subfield>
    <subfield code="r">2024-08-21 00:00:00</subfield>
    <subfield code="s">2024-07-18</subfield>
    <subfield code="t">1</subfield>
    <subfield code="v">715.00</subfield>
    <subfield code="y">EN</subfield>
  </datafield>
  <datafield tag="952" ind1=" " ind2=" ">
    <subfield code="0">0</subfield>
    <subfield code="1">0</subfield>
    <subfield code="4">0</subfield>
    <subfield code="7">0</subfield>
    <subfield code="8">NFIC</subfield>
    <subfield code="a">AV</subfield>
    <subfield code="b">AV</subfield>
    <subfield code="d">2018-03-19</subfield>
    <subfield code="e">BSB/292/30.11.2017/EN/2017-18/641/20.11.2017/14.12.2017</subfield>
    <subfield code="g">715.00</subfield>
    <subfield code="l">9</subfield>
    <subfield code="m">4</subfield>
    <subfield code="o">330.954 RAM</subfield>
    <subfield code="p">B-683560</subfield>
    <subfield code="r">2023-06-10 00:00:00</subfield>
    <subfield code="s">2019-01-16</subfield>
    <subfield code="t">1</subfield>
    <subfield code="v">715.00</subfield>
    <subfield code="y">EN</subfield>
  </datafield>
  <datafield tag="952" ind1=" " ind2=" ">
    <subfield code="0">0</subfield>
    <subfield code="1">0</subfield>
    <subfield code="4">0</subfield>
    <subfield code="7">0</subfield>
    <subfield code="8">NFIC</subfield>
    <subfield code="a">BL1</subfield>
    <subfield code="b">BL1</subfield>
    <subfield code="d">2018-03-19</subfield>
    <subfield code="e">BSB/292/30.11.2017/EN/2017-18/641/20.11.2017/14.12.2017</subfield>
    <subfield code="g">715.00</subfield>
    <subfield code="l">22</subfield>
    <subfield code="m">21</subfield>
    <subfield code="o">330.954 RAM</subfield>
    <subfield code="p">B-683561</subfield>
    <subfield code="r">2025-07-11 00:00:00</subfield>
    <subfield code="s">2025-06-10</subfield>
    <subfield code="t">1</subfield>
    <subfield code="v">715.00</subfield>
    <subfield code="y">EN</subfield>
  </datafield>
  <datafield tag="952" ind1=" " ind2=" ">
    <subfield code="0">0</subfield>
    <subfield code="1">0</subfield>
    <subfield code="4">0</subfield>
    <subfield code="7">0</subfield>
    <subfield code="8">NFIC</subfield>
    <subfield code="a">KGM</subfield>
    <subfield code="b">KGM</subfield>
    <subfield code="d">2018-03-19</subfield>
    <subfield code="e">BSB/292/30.11.2017/EN/2017-18/641/20.11.2017/14.12.2017</subfield>
    <subfield code="g">715.00</subfield>
    <subfield code="l">14</subfield>
    <subfield code="m">14</subfield>
    <subfield code="o">330.954 RAM</subfield>
    <subfield code="p">B-683562</subfield>
    <subfield code="r">2025-06-10 00:00:00</subfield>
    <subfield code="s">2025-06-04</subfield>
    <subfield code="t">1</subfield>
    <subfield code="v">715.00</subfield>
    <subfield code="y">EN</subfield>
  </datafield>
  <datafield tag="952" ind1=" " ind2=" ">
    <subfield code="0">0</subfield>
    <subfield code="1">0</subfield>
    <subfield code="4">0</subfield>
    <subfield code="7">0</subfield>
    <subfield code="8">NFIC</subfield>
    <subfield code="a">PR</subfield>
    <subfield code="b">PR</subfield>
    <subfield code="d">2018-03-19</subfield>
    <subfield code="e">BSB/292/30.11.2017/EN/2017-18/641/20.11.2017/14.12.2017</subfield>
    <subfield code="g">715.00</subfield>
    <subfield code="l">3</subfield>
    <subfield code="m">3</subfield>
    <subfield code="o">330.954 RAM</subfield>
    <subfield code="p">B-683563</subfield>
    <subfield code="r">2024-09-30 00:00:00</subfield>
    <subfield code="s">2024-08-21</subfield>
    <subfield code="t">1</subfield>
    <subfield code="v">715.00</subfield>
    <subfield code="y">EN</subfield>
  </datafield>
  <datafield tag="952" ind1=" " ind2=" ">
    <subfield code="0">0</subfield>
    <subfield code="1">0</subfield>
    <subfield code="4">0</subfield>
    <subfield code="7">0</subfield>
    <subfield code="8">NFIC</subfield>
    <subfield code="a">TN</subfield>
    <subfield code="b">TN</subfield>
    <subfield code="d">2018-03-19</subfield>
    <subfield code="e">BSB/292/30.11.2017/EN/2017-18/641/20.11.2017/14.12.2017</subfield>
    <subfield code="g">715.00</subfield>
    <subfield code="l">31</subfield>
    <subfield code="m">42</subfield>
    <subfield code="o">330.954 RAM</subfield>
    <subfield code="p">B-683564</subfield>
    <subfield code="r">2024-07-11 00:00:00</subfield>
    <subfield code="s">2024-07-04</subfield>
    <subfield code="t">1</subfield>
    <subfield code="v">715.00</subfield>
    <subfield code="y">EN</subfield>
  </datafield>
  <datafield tag="952" ind1=" " ind2=" ">
    <subfield code="0">0</subfield>
    <subfield code="1">0</subfield>
    <subfield code="4">0</subfield>
    <subfield code="7">0</subfield>
    <subfield code="8">NFIC</subfield>
    <subfield code="a">JP</subfield>
    <subfield code="b">JP</subfield>
    <subfield code="d">2018-03-19</subfield>
    <subfield code="e">BSB/292/30.11.2017/EN/2017-18/641/20.11.2017/14.12.2017</subfield>
    <subfield code="g">715.00</subfield>
    <subfield code="l">9</subfield>
    <subfield code="m">2</subfield>
    <subfield code="o">330.954 RAM</subfield>
    <subfield code="p">B-683565</subfield>
    <subfield code="r">2019-04-03 00:00:00</subfield>
    <subfield code="s">2019-03-20</subfield>
    <subfield code="t">1</subfield>
    <subfield code="v">715.00</subfield>
    <subfield code="y">EN</subfield>
  </datafield>
  <datafield tag="952" ind1=" " ind2=" ">
    <subfield code="0">0</subfield>
    <subfield code="1">0</subfield>
    <subfield code="4">0</subfield>
    <subfield code="7">0</subfield>
    <subfield code="8">NFIC</subfield>
    <subfield code="a">ZLS</subfield>
    <subfield code="b">ZLS</subfield>
    <subfield code="d">2018-03-19</subfield>
    <subfield code="e">BSB/292/30.11.2017/EN/2017-18/641/20.11.2017/14.12.2017</subfield>
    <subfield code="g">715.00</subfield>
    <subfield code="l">28</subfield>
    <subfield code="m">18</subfield>
    <subfield code="o">330.954 RAM</subfield>
    <subfield code="p">B-683566</subfield>
    <subfield code="r">2025-12-11 00:00:00</subfield>
    <subfield code="s">2025-09-10</subfield>
    <subfield code="t">1</subfield>
    <subfield code="v">715.00</subfield>
    <subfield code="y">EN</subfield>
  </datafield>
  <datafield tag="952" ind1=" " ind2=" ">
    <subfield code="0">0</subfield>
    <subfield code="1">0</subfield>
    <subfield code="4">0</subfield>
    <subfield code="7">0</subfield>
    <subfield code="8">NFIC</subfield>
    <subfield code="a">RKP</subfield>
    <subfield code="b">RKP</subfield>
    <subfield code="d">2018-03-19</subfield>
    <subfield code="e">BSB/292/30.11.2017/EN/2017-18/641/20.11.2017/14.12.2017</subfield>
    <subfield code="g">715.00</subfield>
    <subfield code="l">11</subfield>
    <subfield code="m">5</subfield>
    <subfield code="o">330.954 RAM</subfield>
    <subfield code="p">B-683567</subfield>
    <subfield code="r">2022-07-05 00:00:00</subfield>
    <subfield code="s">2022-06-14</subfield>
    <subfield code="t">1</subfield>
    <subfield code="v">715.00</subfield>
    <subfield code="y">EN</subfield>
  </datafield>
  <datafield tag="952" ind1=" " ind2=" ">
    <subfield code="0">0</subfield>
    <subfield code="1">0</subfield>
    <subfield code="4">0</subfield>
    <subfield code="7">0</subfield>
    <subfield code="8">NFIC</subfield>
    <subfield code="a">AG</subfield>
    <subfield code="b">AG</subfield>
    <subfield code="d">2018-03-19</subfield>
    <subfield code="e">BSB/292/30.11.2017/EN/2017-18/641/20.11.2017/14.12.2017</subfield>
    <subfield code="g">715.00</subfield>
    <subfield code="l">20</subfield>
    <subfield code="m">5</subfield>
    <subfield code="o">330.954 RAM</subfield>
    <subfield code="p">B-683568</subfield>
    <subfield code="r">2024-02-13 00:00:00</subfield>
    <subfield code="s">2024-02-08</subfield>
    <subfield code="t">1</subfield>
    <subfield code="v">715.00</subfield>
    <subfield code="y">EN</subfield>
  </datafield>
  <datafield tag="952" ind1=" " ind2=" ">
    <subfield code="0">0</subfield>
    <subfield code="1">0</subfield>
    <subfield code="4">0</subfield>
    <subfield code="7">0</subfield>
    <subfield code="8">NFIC</subfield>
    <subfield code="a">RC</subfield>
    <subfield code="b">RC</subfield>
    <subfield code="d">2018-03-19</subfield>
    <subfield code="e">BSB/292/30.11.2017/EN/2017-18/641/20.11.2017/14.12.2017</subfield>
    <subfield code="g">715.00</subfield>
    <subfield code="l">0</subfield>
    <subfield code="o">330.954 RAM</subfield>
    <subfield code="p">B-683569</subfield>
    <subfield code="r">2018-03-19 00:00:00</subfield>
    <subfield code="t">1</subfield>
    <subfield code="v">715.00</subfield>
    <subfield code="y">EN</subfield>
  </datafield>
  <datafield tag="952" ind1=" " ind2=" ">
    <subfield code="0">0</subfield>
    <subfield code="1">0</subfield>
    <subfield code="4">0</subfield>
    <subfield code="7">0</subfield>
    <subfield code="8">NFIC</subfield>
    <subfield code="a">ZLS</subfield>
    <subfield code="b">ZLS</subfield>
    <subfield code="d">2018-03-19</subfield>
    <subfield code="e">BSB/292/30.11.2017/EN/2017-18/641/20.11.2017/14.12.2017</subfield>
    <subfield code="g">715.00</subfield>
    <subfield code="l">20</subfield>
    <subfield code="m">16</subfield>
    <subfield code="o">330.954 RAM</subfield>
    <subfield code="p">B-683570</subfield>
    <subfield code="r">2026-01-10 00:00:00</subfield>
    <subfield code="s">2025-12-26</subfield>
    <subfield code="t">1</subfield>
    <subfield code="v">715.00</subfield>
    <subfield code="y">EN</subfield>
  </datafield>
  <datafield tag="952" ind1=" " ind2=" ">
    <subfield code="0">0</subfield>
    <subfield code="1">0</subfield>
    <subfield code="4">0</subfield>
    <subfield code="7">0</subfield>
    <subfield code="8">NFIC</subfield>
    <subfield code="a">VP</subfield>
    <subfield code="b">VP</subfield>
    <subfield code="d">2018-03-19</subfield>
    <subfield code="e">BSB/292/30.11.2017/EN/2017-18/641/20.11.2017/14.12.2017</subfield>
    <subfield code="g">715.00</subfield>
    <subfield code="l">24</subfield>
    <subfield code="m">16</subfield>
    <subfield code="o">330.954 RAM</subfield>
    <subfield code="p">B-683571</subfield>
    <subfield code="r">2023-08-24 00:00:00</subfield>
    <subfield code="s">2023-08-10</subfield>
    <subfield code="t">1</subfield>
    <subfield code="v">715.00</subfield>
    <subfield code="y">EN</subfield>
  </datafield>
  <datafield tag="952" ind1=" " ind2=" ">
    <subfield code="0">0</subfield>
    <subfield code="1">0</subfield>
    <subfield code="4">0</subfield>
    <subfield code="7">0</subfield>
    <subfield code="8">NFIC</subfield>
    <subfield code="a">NRR</subfield>
    <subfield code="b">NRR</subfield>
    <subfield code="d">2018-03-19</subfield>
    <subfield code="e">BSB/292/30.11.2017/EN/2017-18/641/20.11.2017/14.12.2017</subfield>
    <subfield code="g">715.00</subfield>
    <subfield code="l">3</subfield>
    <subfield code="m">2</subfield>
    <subfield code="o">330.954 RAM</subfield>
    <subfield code="p">B-683572</subfield>
    <subfield code="r">2025-12-04 00:00:00</subfield>
    <subfield code="s">2025-09-20</subfield>
    <subfield code="t">1</subfield>
    <subfield code="v">715.00</subfield>
    <subfield code="y">EN</subfield>
  </datafield>
  <datafield tag="952" ind1=" " ind2=" ">
    <subfield code="0">0</subfield>
    <subfield code="1">0</subfield>
    <subfield code="4">0</subfield>
    <subfield code="7">0</subfield>
    <subfield code="8">NFIC</subfield>
    <subfield code="a">BKK</subfield>
    <subfield code="b">BKK</subfield>
    <subfield code="d">2018-03-19</subfield>
    <subfield code="e">BSB/292/30.11.2017/EN/2017-18/641/20.11.2017/14.12.2017</subfield>
    <subfield code="g">715.00</subfield>
    <subfield code="l">1</subfield>
    <subfield code="m">2</subfield>
    <subfield code="o">330.954 RAM</subfield>
    <subfield code="p">B-683573</subfield>
    <subfield code="r">2021-06-22 00:00:00</subfield>
    <subfield code="s">2021-03-15</subfield>
    <subfield code="t">1</subfield>
    <subfield code="v">715.00</subfield>
    <subfield code="y">EN</subfield>
  </datafield>
  <datafield tag="952" ind1=" " ind2=" ">
    <subfield code="0">0</subfield>
    <subfield code="1">0</subfield>
    <subfield code="4">0</subfield>
    <subfield code="7">0</subfield>
    <subfield code="8">NFIC</subfield>
    <subfield code="a">NR</subfield>
    <subfield code="b">NR</subfield>
    <subfield code="d">2018-03-19</subfield>
    <subfield code="e">BSB/292/30.11.2017/EN/2017-18/641/20.11.2017/14.12.2017</subfield>
    <subfield code="g">715.00</subfield>
    <subfield code="l">0</subfield>
    <subfield code="o">330.954 RAM</subfield>
    <subfield code="p">B-683574</subfield>
    <subfield code="r">2018-03-19 00:00:00</subfield>
    <subfield code="t">1</subfield>
    <subfield code="v">715.00</subfield>
    <subfield code="y">EN</subfield>
  </datafield>
  <datafield tag="952" ind1=" " ind2=" ">
    <subfield code="0">0</subfield>
    <subfield code="1">0</subfield>
    <subfield code="4">0</subfield>
    <subfield code="7">0</subfield>
    <subfield code="8">NFIC</subfield>
    <subfield code="a">BN</subfield>
    <subfield code="b">BN</subfield>
    <subfield code="d">2018-03-19</subfield>
    <subfield code="e">BSB/292/30.11.2017/EN/2017-18/641/20.11.2017/14.12.2017</subfield>
    <subfield code="g">715.00</subfield>
    <subfield code="l">16</subfield>
    <subfield code="m">9</subfield>
    <subfield code="o">330.954 RAM</subfield>
    <subfield code="p">B-683575</subfield>
    <subfield code="r">2025-01-21 00:00:00</subfield>
    <subfield code="s">2025-01-06</subfield>
    <subfield code="t">1</subfield>
    <subfield code="v">715.00</subfield>
    <subfield code="y">EN</subfield>
  </datafield>
  <datafield tag="952" ind1=" " ind2=" ">
    <subfield code="0">0</subfield>
    <subfield code="1">0</subfield>
    <subfield code="4">0</subfield>
    <subfield code="7">0</subfield>
    <subfield code="8">NFIC</subfield>
    <subfield code="a">BL4</subfield>
    <subfield code="b">BL4</subfield>
    <subfield code="d">2018-03-19</subfield>
    <subfield code="e">BSB/292/30.11.2017/EN/2017-18/641/20.11.2017/14.12.2017</subfield>
    <subfield code="g">715.00</subfield>
    <subfield code="l">37</subfield>
    <subfield code="m">42</subfield>
    <subfield code="o">330.954 RAM</subfield>
    <subfield code="p">B-683576</subfield>
    <subfield code="r">2025-04-07 00:00:00</subfield>
    <subfield code="s">2025-03-20</subfield>
    <subfield code="t">1</subfield>
    <subfield code="v">715.00</subfield>
    <subfield code="y">EN</subfield>
  </datafield>
  <datafield tag="952" ind1=" " ind2=" ">
    <subfield code="0">0</subfield>
    <subfield code="1">0</subfield>
    <subfield code="4">0</subfield>
    <subfield code="7">0</subfield>
    <subfield code="8">NFIC</subfield>
    <subfield code="a">YV</subfield>
    <subfield code="b">YV</subfield>
    <subfield code="d">2018-03-19</subfield>
    <subfield code="e">BSB/292/30.11.2017/EN/2017-18/641/20.11.2017/14.12.2017</subfield>
    <subfield code="g">715.00</subfield>
    <subfield code="l">5</subfield>
    <subfield code="m">8</subfield>
    <subfield code="o">330.954 RAM</subfield>
    <subfield code="p">B-683577</subfield>
    <subfield code="r">2024-06-01 00:00:00</subfield>
    <subfield code="s">2024-04-20</subfield>
    <subfield code="t">1</subfield>
    <subfield code="v">715.00</subfield>
    <subfield code="y">EN</subfield>
  </datafield>
  <datafield tag="952" ind1=" " ind2=" ">
    <subfield code="0">0</subfield>
    <subfield code="1">0</subfield>
    <subfield code="4">0</subfield>
    <subfield code="7">0</subfield>
    <subfield code="8">NFIC</subfield>
    <subfield code="a">RC</subfield>
    <subfield code="b">RC</subfield>
    <subfield code="d">2018-03-19</subfield>
    <subfield code="e">BSB/292/30.11.2017/EN/2017-18/641/20.11.2017/14.12.2017</subfield>
    <subfield code="g">715.00</subfield>
    <subfield code="l">6</subfield>
    <subfield code="m">6</subfield>
    <subfield code="o">330.954 RAM</subfield>
    <subfield code="p">B-683578</subfield>
    <subfield code="r">2020-10-21 00:00:00</subfield>
    <subfield code="s">2020-10-05</subfield>
    <subfield code="t">2</subfield>
    <subfield code="v">715.00</subfield>
    <subfield code="y">EN</subfield>
  </datafield>
  <datafield tag="952" ind1=" " ind2=" ">
    <subfield code="0">0</subfield>
    <subfield code="1">0</subfield>
    <subfield code="4">0</subfield>
    <subfield code="7">0</subfield>
    <subfield code="8">NFIC</subfield>
    <subfield code="a">RC</subfield>
    <subfield code="b">RC</subfield>
    <subfield code="d">2018-03-19</subfield>
    <subfield code="e">BSB/292/30.11.2017/EN/2017-18/641/20.11.2017/14.12.2017</subfield>
    <subfield code="g">715.00</subfield>
    <subfield code="l">6</subfield>
    <subfield code="m">2</subfield>
    <subfield code="o">330.954 RAM</subfield>
    <subfield code="p">B-683579</subfield>
    <subfield code="r">2020-08-03 00:00:00</subfield>
    <subfield code="s">2020-03-21</subfield>
    <subfield code="t">2</subfield>
    <subfield code="v">715.00</subfield>
    <subfield code="y">EN</subfield>
  </datafield>
  <datafield tag="952" ind1=" " ind2=" ">
    <subfield code="0">0</subfield>
    <subfield code="1">0</subfield>
    <subfield code="4">0</subfield>
    <subfield code="7">0</subfield>
    <subfield code="8">NFIC</subfield>
    <subfield code="a">RC3</subfield>
    <subfield code="b">RC3</subfield>
    <subfield code="d">2018-03-19</subfield>
    <subfield code="e">BSB/292/30.11.2017/EN/2017-18/641/20.11.2017/14.12.2017</subfield>
    <subfield code="g">715.00</subfield>
    <subfield code="l">0</subfield>
    <subfield code="o">330.954 RAM</subfield>
    <subfield code="p">B-683580</subfield>
    <subfield code="r">2018-03-19 00:00:00</subfield>
    <subfield code="t">2</subfield>
    <subfield code="v">715.00</subfield>
    <subfield code="y">EN</subfield>
  </datafield>
  <datafield tag="952" ind1=" " ind2=" ">
    <subfield code="0">0</subfield>
    <subfield code="1">0</subfield>
    <subfield code="4">0</subfield>
    <subfield code="7">0</subfield>
    <subfield code="8">NFIC</subfield>
    <subfield code="a">RC3</subfield>
    <subfield code="b">RC3</subfield>
    <subfield code="d">2018-03-19</subfield>
    <subfield code="e">BSB/292/30.11.2017/EN/2017-18/641/20.11.2017/14.12.2017</subfield>
    <subfield code="g">715.00</subfield>
    <subfield code="l">9</subfield>
    <subfield code="m">2</subfield>
    <subfield code="o">330.954 RAM</subfield>
    <subfield code="p">B-683581</subfield>
    <subfield code="r">2022-03-23 00:00:00</subfield>
    <subfield code="s">2022-03-10</subfield>
    <subfield code="t">2</subfield>
    <subfield code="v">715.00</subfield>
    <subfield code="y">EN</subfield>
  </datafield>
  <datafield tag="952" ind1=" " ind2=" ">
    <subfield code="0">0</subfield>
    <subfield code="1">0</subfield>
    <subfield code="4">0</subfield>
    <subfield code="7">0</subfield>
    <subfield code="8">NFIC</subfield>
    <subfield code="a">ZLS</subfield>
    <subfield code="b">ZLS</subfield>
    <subfield code="d">2018-09-05</subfield>
    <subfield code="l">21</subfield>
    <subfield code="m">22</subfield>
    <subfield code="o">330.954 RAM</subfield>
    <subfield code="p">B-689609</subfield>
    <subfield code="r">2024-10-16 00:00:00</subfield>
    <subfield code="s">2024-09-12</subfield>
    <subfield code="w">2018-09-05</subfield>
    <subfield code="y">EN</subfield>
  </datafield>
</record>
